quizz cours sol L2 SVT - Statistiques

Statistiques générales
  • Ce quiz a été pris 51 fois
  • Le résultat moyen est 8 sur 50
Statistiques - réponses
Question Réponse % Correct
Quel pourcentage de la biodiversité terrestre est abrité par les sols ? 50%
44%
Sans micro-organismes, que se passe-t-il ? Épuisement du CO2 atmosphérique
41%
Combien de tonnes de matière sèche organique s’accumulent par hectare en climat tropical ? 10-20 t
36%
Dans un sol sableux, les poils absorbants des racines sont : Plus nombreux et volumineux
36%
Quel est l’effet de l’humidité sur les microorganismes ? Augmente leur mobilité
26%
Qui est un ingénieur physique du sol ? Ver de terre
26%
À PF 4,8, que s’arrête-t-il ? Ammonification
21%
Quels cations acidifient le sol ? H⁺ et Al³⁺
21%
Quel type de sol a le plus faible biomasse microbienne ? Monoculture/vignoble
21%
Que se passe-t-il au pH 7,8 ? Phosphore non soluble
21%
Qu’est-ce qu’un taxon ? Un groupe d’individus génétiquement proches
21%
Quel est le point de flétrissement permanent en PF ? 4,2
18%
Qu’est-ce qui participe à l’acidification des sols ? Absorption de cations potassiques
18%
Que produit un pH acide sur les métaux ? Augmentation de leur solubilité
18%
Que représente la CEC ? Capacité d’échange cationique
18%
À pH acide, quels champignons apparaissent ? Champignons acidophiles
18%
La perméabilité est donnée par la loi de : Darcy
18%
Quelle est la principale source d’azote naturel ? Fixation symbiotique
18%
Le flux d’eau contrôle : Les nutriments arrivant aux plantes
18%
À quelle profondeur retrouve-t-on la majorité de la biomasse bactérienne ? 0-3 cm
15%
Qu’est-ce que le complexe argilo-humique fixe ? Cations uniquement
15%
Quel gaz augmente fortement autour des racines ? CO₂
15%
Quel processus transforme les plantes en humus ? Humification
15%
Que produit l’hydrolyse totale ? Libération d’ions H⁺ et OH⁻
15%
Que signifie la rhizosphère ? Zone autour des racines
15%
Où trouve-t-on la majorité des organismes du sol ? 0-3 cm
13%
Quel est le rapport C/N optimal ? ≤15
13%
Quel est le pH optimal pour les bactéries ? 7
13%
Que provoque l’oxydation des sulfures ? Acidification
13%
Que se passe-t-il quand C/N >15 ? Azote minéral prélevé avant la plante
13%
Qui sont les régulateurs du sol ? Collemboles, acariens
13%
Quel élément est indispensable à la photosynthèse ? Fer
13%
Quel cation est bloqué à pH >7 à cause du calcium ? Fer
13%
Quelle texture favorise l’infiltration rapide si le potentiel hydrique est faible ? Grossière
13%
Quelle est la principale source de matière organique du sol ? Matière végétale
13%
Quelle est la température létale des bactéries ? 90 °C
10%
Que provoque l’assèchement d’un sol hydromorphe ? Acidification rapide
10%
Qui produit 370 m de filaments/g de sol ? Aspergillus nidulans
10%
À quoi sert la chaux en agriculture ? Basifier le sol
10%
Quel élément acidifie le sol ? H⁺
10%
Que désigne le co-métabolisme ? Utilisation des polluants comme énergie
10%
À PF 5,3, que s’arrête-t-il ? Activité des champignons
8%
Qui résiste le plus à l’assèchement ? Champignons
8%
Dans les rizières, qui fixe l’azote atmosphérique ? Cyanobactéries
8%
Quel élément est essentiel pour la formation de chlorophylle ? Fer
8%
Quel est le rôle des polysaccharides microbiens ? Piéger l’eau
8%
Que signifie PF ? Potentiel hydrique en log
8%
Que se passe-t-il après la réhydratation d’un sol desséché ? Reprise intense de minéralisation
8%
Quel taux de saturation minimum est recommandé pour éviter l’acidification ? 80 %
5%
Qu’indique le rapport R/S élevé ? Forte activité microbienne en rhizosphère
5%
Aucun quiz correspondant
Distribution des résultats
% des personnes avec chaque résultat
Percentile par nombre de réponses
Votre historique - résultats
Vous n’avez pas pris ce quiz